| 000 | 00719nam a2200277Ia 4500 | ||
|---|---|---|---|
| 001 | Z_5905 | ||
| 003 | CHAP | ||
| 005 | 20220920184840.0 | ||
| 008 | 220113s2004 xx 000 0 und d | ||
| 010 | _a169115 | ||
| 020 | _a978-950-504-574-7 | ||
| 040 | _cCHAP | ||
| 090 | _aFolleto 749 | ||
| 100 |
_aCacciamani,Miguel Angel _9143444 |
||
| 245 |
_aLombricultura:una actividad ecológica y rentable / _cpor Miguel Angel Cacciamani |
||
| 260 |
_aBuenos Aires : _bHemisferio Sur, _c2004 |
||
| 300 | _a71 p.:ilus. | ||
| 500 | _a2da.Edición. | ||
| 503 | _aC/E | ||
| 650 |
_aLombricultura _9124769 |
||
| 901 | _aFOLLETO 749 | ||
| 902 | _aM | ||
| 910 | _a2004 | ||
| 942 |
_cFOLL _2local |
||
| 942 |
_cFOLL _2local |
||
| 999 |
_c169115 _d169115 |
||